000
00203nam a2200097Ia 4500
008
190216s9999||||xx |||||||||||||| ||und||
100
_a
Cherukad
245
0
_a
Vishudha Nuna
260
_b
Null
942
_c
BK
999
_c
24023
_d
24023